Litewscy sportowcy - nagła śmierć - Statystyki

Ogólne statystyki
  • Ten quiz został rozwiązany 24 razy
    18 od ostatniego zresetowania
  • Średni wynik to 8 z 9
Answers on the Grid
Answers color-coded by a green-red scale on the quiz's grid according to % correct below.
Arvydas Novikovas
Artjoms Rudņevs
Žydrūnas Savickas
Erling Haaland
Charlotte Kalla
Darvydas Šernas
Arvydas Sabonis
Zlatan Ibrahimović
Vladislavs Gutkovskis
Domantas Sabonis
Caroline Wozniacki
Iivo Niskanen
Fedor Černych
Johannes Høsflot Klæbo
Virgilijus Alekna
Deniss Rakels
Jonas Valančiūnas
Teemu Selänne
Andrius Gudžius
Roman Koudelka
 
Statystyki odpowiedzi
Odpowiedź % Poprawnych
Arvydas Novikovas
94%
Žydrūnas Savickas
94%
Darvydas Šernas
88%
Domantas Sabonis
88%
Jonas Valančiūnas
88%
Andrius Gudžius
82%
Arvydas Sabonis
82%
Virgilijus Alekna
82%
Fedor Černych
53%
Nie znaleziono quizów pasujących do podanych kryteriów
Rozkład punktacji
Procent ludzi z każdym wynikiem
Percentyl według liczby udzielonych odpowiedzi
Twoja historia wyników
Nie rozwiązałeś tego quizu od ostatniego zresetowania